000 00305nam a2200121Ia 4500
008 191201s2013 xx 000 0 und d
100 _aHARVARD BUSINESS REVIEW,PRESS
245 0 _aDecision Making
260 _aDonated
_bHarvard Business Review Press
_c2013
300 _a167
650 _aMBA
942 _2ddc
_cBK
999 _c29
_d29